História da literatura infantil universal (Registo nº 201737)

Detalhes MARC
000 -Etiqueta do registo
Valores 00670nam 22001813 4500
100 ## - Dados gerais de processamento
Dados gerais 20260410d u||y0pory50 ba
200 ## - Titulo e menção de responsabilidade
Título próprio História da literatura infantil universal
Primeira menção de responsabilidade Carmen Bravo-Villasante
Outras menções de responsabilidade trad. Manuel Campos e Alexandra de Freitas
210 ## - Publicação
Local de publicação Mem Martins
Nome do editor Printer Portuguesa
Data de publicação 1977
215 ## - Descrição física 
Paginação / Volumes 2 vols
Outras indicações físicas encadernado
Dimensões 24 cm
606 ## - Nome comum usado como assunto
ID Autoridade 11269
Palavra de ordem Questões gerais em linguística e literatura. Filologia
610 ## - Termos não controlados
Palavra de ordem Literatura -- Literatura Infantil -- História
675 ## - CDU
Notação 82.09
Edição PT
Língua por
700 ## - Autor principal (pessoa individual)
ID Autoridade 17098
Apelido Bravo-Villasante
Nome Carmen
Datas 1918-1994
801 ## - Fonte de origem
País PT
Agência BMMN
Regras de catalogação RPC
830 ## - Notas gerais do catalogador
Criado por Fernando
Indexado por Fernando
990 ## - Elementos KOHA
Tipo de documento Livro
Exemplares
Situação do levantamento Biblioteca de origem Código de barras Cota Permissão de empréstimo Tipo de documento Forma de aquisição
  Biblioteca Municipal de Montemor-o-Novo 31102 82.09 BRA|LG vol. 1   Livro Compra
  Biblioteca Municipal de Montemor-o-Novo 31103 82.09 BRA|LG vol. 2   Livro Compra

Powered by Koha